Tous les Boss des jeux Mario - Statistiques

Statistiques générales
  • Ce quiz a été pris 38 fois
  • Le résultat moyen est 18 sur 236
Statistiques - réponses
Jeu de première apparition en tant que Boss dans un jeu Mario Boss % Correct
Super Mario Bros Bowser
97%
Super Mario Sunshine Bowser Jr.
73%
Super Mario Bros 3 Larry Koopa
52%
Super Mario Sunshine Roi Boo
52%
Super Mario 64 Roi Bob-Omb
45%
Super Mario Bros 3 Ludwig von Koopa
42%
Super Mario Bros Morton Koopa Jr
39%
Super Mario Bros 3 Wendy O.Koopa
39%
Super Mario Bros 3 Roy Koopa
36%
Mario & Luigi: Superstar Saga Gracowitz
33%
Super Mario Bros 3 Iggy Koopa
33%
Super Mario Bros 3 Lemmy Koopa
33%
Super Paper Mario Mister L
33%
Mario & Luigi: Dream Team Bros Antasma
27%
Super Mario Sunshine Flora Piranha
27%
Paper Mario Goomboss
27%
Super Mario Sunshine Antimario
21%
Mario & Luigi: Voyage au centre de Bowser Astre Noir
21%
Super Mario Galaxy Dino Piranha
21%
Mario & Luigi: Superstar Saga Graguémona
21%
Mario & Luigi : Voyage au centre de Bowser Métaboss
21%
Super Mario Galaxy Poulpoboss
21%
Super Mario Bros 3 Boum Boum
18%
Mario & Sonic aux Jeux Olympiques d'hiver Dr.Eggman
18%
Super Mario World Maxi-Boo
18%
Super Mario Sunshine Méga Bloups
18%
New Super Mario Bros Méga Goomba
18%
Mario & Luigi : Voyage au centre de Bowser Poubellor
18%
Super Mario 3D Land Poum Poum
18%
Super Mario 64 Roi Whomp
18%
Super Mario Land Tatanga
18%
Mario & Luigi : Les Frères du Temps Madame Thwomp
15%
Mario & Luigi: Superstar Saga Pargne
15%
Mario & Luigi : Les Frères du Temps Princesse Xhampi
15%
Super Mario Odyssey Rango
15%
Super Mario Galaxy Roi Mogu
15%
Super Mario Odyssey Spewart
15%
Super Mario Odyssey Topper
15%
Super Paper Mario Comte Niark
12%
Super Mario Odyssey Hariet
12%
Super Mario Sunshine Mecha-Bowser
12%
Super Mario Galaxy Mégapod
12%
Mario & Sonic aux Jeux Olympiques d'hiver Metal Sonic
12%
Mario & Sonic aux Jeux Olympiques d'hiver Omega
12%
Super Mario 3D World Roi Klonk
12%
Mario & Sonic aux Jeux Olympiques d'hiver Rouge
12%
Mario & Luigi : Voyage au centre de Bowser Sage Jeannille
12%
Mario & Luigi : Les Frères du Temps Têtedoeuf
12%
Mario & Luigi : Les Frères du Temps Vieux Xhampoide
12%
Mario & Luigi : Les Frères du Temps Xhowser
12%
Super Mario Galaxy Arachnoboss
9%
Super Mario Galaxy Archi-Kamek
9%
Super Mario Odyssey Aspirafleur
9%
Super Mario Galaxy Begoman
9%
Mario & Luigi: Dream Team Bros Brikmouth
9%
Mario & Luigi: Dream Team Bros Dictador
9%
Super Paper Mario Dimensio
9%
Super Mario Galaxy 2 Foropod
9%
Super Mario Galaxy 2 Gargantulus
9%
Super Mario 64 DS Givros
9%
Mario & Luigi: Dream Team Bros Hourrache Blanc
9%
Mario & Luigi: Dream Team Bros Hourrache Bleu
9%
Mario & Luigi: Dream Team Bros Hourrache Jaune
9%
Mario & Luigi: Dream Team Bros Hourrache Orange
9%
Mario & Sonic aux Jeux Olympiques d'hiver Jet
9%
Super Mario Odyssey Madame Broode
9%
Super Paper Mario Mc Astagne
9%
Super Mario Odyssey Mechawiggler
9%
Super Paper Mario Mimic
9%
Mario & Luigi: Dream Team Bros Musculobaf
9%
Super Mario Galaxy Polta
9%
Mario & Luigi: Superstar Saga Reine Végélia
9%
Super Mario Galaxy 2 Roi Lakitu
9%
Super Mario Odyssey Toque-toque
9%
Super Mario Bros 2 Wart
9%
Mario & Luigi : Les Frères du Temps Xhwiggler
9%
Mario & Luigi: Voyage au centre de Bowser Alphacaro
6%
Super Mario Sunshine Anguy
6%
Mario & Luigi: Voyage au centre de Bowser Bétacaro
6%
Super Mario Odyssey Bombopode
6%
Mario & Luigi: Superstar Saga Bowsémona
6%
Mario & Luigi: Dream Team Bros Cornevisse
6%
Super Paper Mario Crocus IV
6%
Super Mario 64 Cyrock
6%
Super Mario Odyssey Dragolos
6%
Super Paper Mario Drakal
6%
Super Mario RPG Forgeroi
6%
Super Paper Mario Fraktal
6%
Super Paper Mario Frérobot
6%
Mario & Luigi : Les Frères du Temps Général Xhampi
6%
Super Mario 3D World Globuloboss
6%
Super Mario Odyssey Grand Caputl
6%
Super Mario 64 Grand Voyou
6%
Mario & Luigi : Les Frères du Temps Jumelle de la Princesse Xhampi
6%
Super Mario Galaxy Kachikoboss
6%
New Super Mario Bros Lakitonnerre
6%
Super Mario Sunshine Méga Manta
6%
Super Mario 64 Moche givré
6%
Mario & Luigi: Dream Team Bros Onibowser
6%
Super Mario Galaxy 2 Ovizard
6%
Super Mario Galaxy 2 Prince Poulba
6%
Paper Mario: La Porte Millénaire Reine des Ténèbres
6%
Super Mario Galaxy Requin squelette
6%
Super Mario Galaxy 2 Robomarto
6%
Mario & Luigi: Superstar Saga Rochefort
6%
Super Mario 3D World Roi Mambaristo
6%
Mario & Luigi: Dream Team Bros Roupibot
6%
Super Mario Galaxy Skaraboss
6%
Mario & Luigi: Superstar Saga Soda Hilaro
6%
Super Mario Galaxy 2 Sorbetti
6%
Mario & Luigi: Voyage au centre de Bowser Statue marine
6%
Mario & Luigi: Superstar Saga Sterex
6%
Super Mario Galaxy 2 Tank Cataboum
6%
Super Mario Galaxy 2 Tatouboul
6%
Mario & Luigi: Voyage au centre de Bowser Tocolan
6%
Paper Mario: La Porte Millénaire Viviane
6%
Mario & Luigi: Superstar Saga Aspirojet
3%
Mario & Luigi: Voyage au centre de Bowser Blocdogue
3%
Super Mario 3D World Boss Roulécrac
3%
Paper Mario : La Porte Millénaire Carbocroc
3%
Mario & Luigi: Voyage au centre de Bowser Chakran
3%
New Super Mario Bros Cheepskipper
3%
Super Paper Mario Chomp Cerbère
3%
Paper Mario: La Porte Millénaire Cruxéroce
3%
Paper Mario: La Porte Millénaire Cruxinistre
3%
Super Mario Galaxy 2 Dame Bidosaure
3%
Super Mario Galaxy 2 Dino Piranha Jr
3%
Mario+The Lapins Crétins Kingdom Battle Fantôme
3%
Super Paper Mario Frérobot Type-L
3%
Super Paper Mario Glacirex
3%
Mario & Luigi : Voyage au centre de Bowser Goomby
3%
Mario & Luigi : Voyage au centre de Bowser Graco-Express
3%
Mario & Luigi: Superstar Saga Jojora
3%
Mario & Luigi : Voyage au centre de Bowser Maskou
3%
New Super Mario Bros Monty Tank
3%
Mario & Luigi: Dream Team Bros Morphinger
3%
Super Mario Bros 2 Mouser
3%
New Super Mario Bros Mummipokey
3%
Super Paper Mario Nastasia
3%
Mario & Luigi: Dream Team Bros Onimario
3%
Mario & Luigi : Voyage au centre de Bowser Parapounet
3%
Mario & Luigi: Superstar Saga Pois Piranha
3%
Mario & Luigi: Dream Team Bros Protodor
3%
Mario & Luigi: Superstar Saga Rigodraco
3%
Super Mario Odyssey RoboBrood
3%
Paper Mario: The Origami King Roi Olly
3%
Paper Mario: La Porte Millénaire Rumpel
3%
Mario & Luigi : Voyage au centre de Bowser Super Robot Peach
3%
Mario & Luigi: Superstar Saga Ufross
3%
Mario & Luigi : Les Frères du Temps Xhamp-omb
3%
Mario + The Lapins Crétins Sparks of Hope Bibi
0%
Super Mario Land Biokinton
0%
Super Mario RPG Blastoc
0%
Mario+The Lapins Crétins Kingdom Battle Blizzy
0%
Paper Mario Bloups-élec
0%
Paper Mario: La Porte Millénaire Boo Atomique
0%
Super Mario RPG Boomer
0%
Mario & Luigi: Voyage au centre de Bowser Bowser ROM_ M
0%
Mario & Luigi: Voyage au centre de Bowser Bowsr ROM_ L
0%
Mario & Luigi : Voyage au centre de Bowser + L'épopée de Bowser Jr Buddy
0%
Mario + The Lapins Crétins Kingdom Battle Calavera
0%
Paper Mario Chan
0%
Super Mario Ball Cheep-Cheep Pufferfish
0%
Super Mario RPG Chtarbarc
0%
Super Mario Bros 2 Clawgrip
0%
Super Mario RPG Contremaître
0%
Paper Mario : La Porte Millénaire Cortese
0%
Super Mario Land 2: 6 Golden Coins Cross
0%
Paper Mario: La Porte Millénaire Cruxobot
0%
Paper Mario: La Porte Millénaire Cruxobot 2
0%
Mario + The Lapins Crétins Sparks of Hope Daphné
0%
Paper Mario: La Porte Millénaire Dark Toaster
0%
Super Mario Land Dragon Zamasu
0%
Mario & Sonic aux Jeux Olympiques d'hiver Eggman Negga
0%
Mario & Luigi: Dream Team Bros Excavatron
0%
Super Mario RPG Exor
0%
Paper Mario Fantô-lampe
0%
Mario+The Lapins Crétins Kingdom Battle Finn
0%
New Super Mario Bros U Frère Sumo Géant
0%
Paper Mario: La Porte Millénaire Gangs
0%
Paper Mario Général Mass
0%
Mario+The Lapins Crétins Kingdom Battle Golem de Glace
0%
Paper Mario: Sticker Star Goomba Mégabrillant
0%
Super Mario RPG Grande hache
0%
Super Mario Land 2: 6 Golden Coins Grouideux
0%
Super Mario Land 2: 6 Golden Coins Grouin
0%
Super Mario Land 2: 6 Golden Coins Grouitrois
0%
Super Mario Land Hiyoihoi
0%
Super Mario RPG Javelinovitch
0%
Paper Mario Kammy Koopa
0%
Paper Mario Kent C.Koopa
0%
Super Mario RPG: Legend of the Seven Stars Klash jaune
0%
Super Mario RPG: Legend of the Seven Stars Klash noir
0%
Super Mario RPG: Legend of the Seven Stars Klash rose
0%
Super Mario RPG: Legend of the Seven Stars Klash rouge
0%
Super Mario RPG: Legend of the Seven Stars Klash vert
0%
Paper Mario: La Porte Millénaire Lancet
0%
Super Mario RPG: Legend of the Seven Stars Langloute
0%
Paper Mario Lee
0%
Mario Tennis Aces Madame Mirage
0%
Paper Mario: La Porte Millénaire Marilyne
0%
Paper Mario: La Porte Millénaire Marjolène
0%
Paper Mario Mass'anti
0%
Super Mario RPG Matarmor
0%
Mario + The Lapins Crétins Kingdom Battle Méca Jr
0%
Mario Party 10 Méga Topi Taupe
0%
Mario + The Lapins Crétins Sparks of Hope Minuit
0%
Paper Mario: Sticker Star Môssieur Blizzard
0%
Paper Mario Ninjakoopa jaune
0%
Paper Mario Ninjakoopa noir
0%
Paper Mario Ninjakoopa rouge
0%
Paper Mario Ninjakoopa vert
0%
Paper Mario: La Porte Millénaire Occicroc
0%
Super Mario Land 2: 6 Golden Coins Pako
0%
Paper Mario Pfff Haaaa
0%
Paper Mario Piranha-lave
0%
Mario + The Lapins Crétins Kingdom Battle Plante Piralapine
0%
Paper Mario: Sticker Star Pokeypik
0%
Super Mario 3D World Prince Voyou
0%
Mario+The Lapins Crétins Kingdom Battle Pyrocyclone
0%
Super Mario Land 2: 6 Golden Coins. Ricky
0%
Mario & Luigi: Paper Jam Bros RoboBowser
0%
Paper Mario Roi Cristal
0%
Super Mario Land Roi Totomesu
0%
Mario & Luigi : Voyage au centre de Bowser + L'épopée de Bowser Jr Sandy
0%
Super Mario RPG Scaramuche
0%
Mario+The Lapins Crétins Kingdom Battle Strabus
0%
Super Mario Land Tamao
0%
Paper Mario: La Porte Millénaire Toxicroc
0%
Paper Mario Troopa Junior
0%
Super Mario Bros 2 Tryclyde
0%
Paper Mario Tubba Blubba
0%
Paper Mario Tutankoopa
0%
Mario & Luigi : Voyage au centre de Bowser + L'épopée de Bowser Jr UFVSB
0%
Super Mario Sunshine Ventouste
0%
Mario & Luigi : Voyage au centre de Bowser + L'épopée de Bowser Jr Vinny
0%
Aucun quiz correspondant
Distribution des résultats
% des personnes avec chaque résultat
Percentile par nombre de réponses
Votre historique - résultats
Vous n’avez pas pris ce quiz